[Event "Leon 19th"]
[Site "Leon"]
[Date "2006.06.09"]
[Round "1.2"]
[White "Anand, Viswanathan"]
[Black "Bruzon Batista, Lazaro"]
[Result "1/2-1/2"]
[WhiteElo "2803"]
[BlackElo "2652"]
[Annotator "Estremera,S/Mellado,J"]
[PlyCount "84"]
[EventDate "2006.06.11"]
[EventType "k.o. (rapid)"]
[EventRounds "2"]
[EventCountry "ESP"]
[SourceTitle "CBM 112 Extra"]
[Source "ChessBase"]
[SourceDate "2006.07.14"]
[SourceVersion "1"]
[SourceVersionDate "2006.07.14"]
[SourceQuality "1"]

1. e4 e5 2. Nf3 Nc6 3. Bb5 a6 4. Ba4 Nf6 5. O-O Be7 6. Re1 b5 7. Bb3 d6 ({
En reciente torneo de sofia se jugó hasta la saciedad} 7... O-O {amagando el
indestructible ataque Marshall}) 8. c3 O-O 9. h3 Nd7 {sistema Keres} 10. d4 Bf6
11. a4 Bb7 12. Na3 exd4 13. cxd4 {Esta posición la discutieron Kasparov y
Karpov en su match de 1990. en los comentarios a esta partida ofrecemos
completas las partidas de tan ilustre antecedente} Na5 (13... Nb6 14. Bf4 bxa4
15. Bxa4 Nxa4 16. Qxa4 a5 17. Bd2 Re8 18. d5 Nb4 19. Bxb4 axb4 20. Qxb4 Rb8 21.
Qc4 Qc8 22. Nd4 Ba6 23. Qc3 c5 24. dxc6 Bxd4 25. Qxd4 Qxc6 26. b4 h6 27. Re3
Re6 28. f3 Rc8 29. Rb3 Bb5 30. Rb2 Qb7 31. Nc2 Rg6 32. Qf2 Qe7 33. Ne3 Qe5 34.
Rbb1 Bd7 35. Ra5 Qe7 36. Nd5 Qd8 37. Ra7 Kh7 38. Kh2 Rb8 39. f4 Re6 40. Qd4 Qe8
41. Re1 Bc6 42. Qd3 Qf8 43. Rc1 Bxd5 44. exd5+ Rg6 45. Qf5 Kg8 46. Rac7 Rf6 47.
Qd7 Rd8 48. Qxd8 Qxd8 49. Rc8 Qf8 50. R1c4 Rf5 51. Rxf8+ Kxf8 52. Rd4 h5 53. b5
Ke7 54. b6 Kd7 55. g4 hxg4 56. hxg4 Rf6 57. Rc4 {1-0 Kasparov,G-Karpov,A/New
York Lyon (m/18) 1990}) 14. Bc2 (14. Ba2 b4 15. Nc4 Nxc4 16. Bxc4 Re8 17. Qb3
Rxe4 18. Bxf7+ Kh8 19. Be3 Re7 20. Bd5 c6 21. Be6 Nf8 22. Bg4 a5 23. Rac1 Ng6
24. Bh5 Rc8 25. Bg4 Rb8 26. Qc2 Rc7 27. Qf5 Ne7 28. Qd3 Nd5 29. Bd2 c5 30. Be6
Nb6 31. dxc5 dxc5 32. Qxd8+ Rxd8 33. Bf4 Re7 34. Ng5 Bd5 35. Bxd5 Rxd5 36. Rxe7
Bxe7 37. Re1 {1/2-1/2 Kasparov,G-Karpov,A/New York/Lyon (m12) 1990}) 14... b4
15. Nb1 Re8 16. Bf4 c5 17. Nbd2 cxd4 $5 18. Bxd6 {Bruzón piensa mucho en esta
posición: se ha quedado con 8 minutos mientras !Anand tiene más de los 20
iniciales!} Nc6 {Novedad} ({se había jugado} 18... d3 19. Bxd3 Bxb2 20. Rb1 Qb6
(20... Qf6 $2 21. Bxb4 {Almasi-Dos Santos Guarapuava 1991 sub-16}) 21. e5 Bc3)
19. Nc4 Nde5 20. Bxe5 Nxe5 21. Ncxe5 Bxe5 22. Qd2 {#} Bf6 $6 (22... d3 $5 23.
Bxd3 Bxb2 24. Qxb2 Qxd3 25. Qxb4 Bxe4 {es una continuación que asegura
igualdad, según fritz}) 23. Qxb4 $5 (23. e5 $1 {daba clara ventaja al blanco}
Be7 24. Qd3 g6 25. Bb3 {con una posición muy prometedora}) 23... Rb8 24. Qd2 {
Anand 14:15 Bruzón:03:41} g6 25. Bd3 a5 {Las negras tienen algo de
compensación, pero fritz materialista como siempre da ventaja clara a las
blancas} 26. Re2 $1 Qb6 27. Qf4 $1 Rbc8 28. Rae1 $1 {en tres jugadas Anand ha
reforzado la posición y está listo para iniciar acciones en el centro y el
flanco de rey.} Bg7 29. e5 Re7 {Anand piensa aquí bastante el plan más fuerte
mientras bruzón espera con sólo un minuto en el reloj} 30. Nh2 Qc6 31. Be4 Qc4
32. Bxb7 Rxb7 33. Rd2 d3 34. Qxc4 Rxc4 35. Rxd3 Rxb2 36. Rd8+ Bf8 37. Ng4 h5 {
Anand 3:30 Bruzón: 1:00} (37... Rxa4 $2 38. Rc1 {con ataque decisivo}) 38. Nf6+
Kg7 39. Ne8+ Kh6 40. Nd6 Bxd6 41. Rxd6 (41. exd6 Rd2 (41... Rcc2 42. d7 Rxf2
43. Rh8+ Kg7 44. Rg8+ Kh7 45. Ree8 $1 {ganando}) 42. Re7 Kg7 43. Rdd7 Rf4 44.
f3 h4 {con buenas posibilidades de salvación}) 41... Rxa4 42. Rf6 Kg7 {y
tablas. Gran defensa de Bruzón} 1/2-1/2

[Event "Leon 19th"]
[Site "Leon"]
[Date "2006.06.09"]
[Round "1.3"]
[White "Bruzon Batista, Lazaro"]
[Black "Anand, Viswanathan"]
[Result "1/2-1/2"]
[WhiteElo "2652"]
[BlackElo "2803"]
[Annotator "Estremera,S/Mellado,J"]
[PlyCount "56"]
[EventDate "2006.06.11"]
[EventType "k.o. (rapid)"]
[EventRounds "2"]
[EventCountry "ESP"]
[SourceTitle "CBM 112 Extra"]
[Source "ChessBase"]
[SourceDate "2006.07.14"]
[SourceVersion "1"]
[SourceVersionDate "2006.07.14"]
[SourceQuality "1"]

1. Nf3 c5 2. c4 Nc6 3. d4 cxd4 4. Nxd4 Nf6 5. g3 Qb6 6. Nc2 e6 ({Una
continuación original y agresiva es} 6... h5 $5 {#} 7. h3 Ne4 $146 8. e3 Qa5+
9. Nd2 Qf5 10. Nf3 Qa5+ 11. Nd2 Nc5 12. Be2 g6 13. Rb1 Qc7 14. Nd4 Bg7 15. b4
Ne6 16. Nxe6 dxe6 17. Bb2 Bxb2 18. Rxb2 b6 $15 {Tomashevsky,E-Morozevich,A/
Russia (ch) 2005}) 7. Bg2 d5 8. O-O Be7 9. cxd5 Nxd5 $146 ({Es también muy
sana para las negras} 9... exd5 10. Nc3 O-O 11. Nxd5 Nxd5 12. Qxd5 Be6 13. Qe4
Bf6 14. a4 Rac8 15. Be3 Qxb2 16. Rab1 Qa2 17. Rxb7 a5 18. Rb6 Ne7 19. Nd4 Rc4
20. Rxe6 fxe6 21. Bh3 Kh8 22. Bxe6 Qxe2 23. Bxc4 Qxc4 24. Qc2 Rc8 25. Rc1 Qxc2
26. Rxc2 Rxc2 27. Nxc2 Nd5 {Gelfand,B-Ivanchuk,V Polanica Zdroj 2000 1/2-1/2})
10. Ne3 Nxe3 11. Bxe3 Qxb2 12. Bxc6+ (12. Nd2 Qb5 13. Rb1 Qf5) 12... bxc6 13.
Bd4 Qb5 14. Bxg7 Rg8 15. Bc3 Ba6 16. Re1 Rd8 17. Qc2 Qf5 $1 {las negras
cambian damas: ahora la situación de su rey deja de ser un problema y se
incrementa la fuerza de la pareja de alfiles} 18. Qxf5 exf5 19. Nd2 f4 20. Nf3
({no consigue nada} 20. Ne4 {después de} Rg6) 20... c5 21. Rac1 h5 $1 22. Kf1 (
{la alternativa es} 22. Be5 {a lo que puede seguir} fxg3 23. fxg3 h4 24. Kf2
hxg3+ 25. hxg3) 22... fxg3 23. hxg3 Rg4 $1 {la torre puede pasar ahora al
flanco de dama} 24. Ne5 $1 {bruzón busca el cambio de uno de los alfiles negros
} Ra4 25. Nc6 Rd6 26. Nxe7 Kxe7 27. Rc2 h4 {#} 28. Bd2 $1 (28. gxh4 Rxh4 29. f3
Re6 {y las negras tienen ventaja}) 28... hxg3 {Y Anand ofrece tablas Buena
defensa otra vez del gran maestro cubano.} 1/2-1/2

[Event "Leon 19th"]
[Site "Leon"]
[Date "2006.06.11"]
[Round "2.2"]
[White "Anand, Viswanathan"]
[Black "Topalov, Veselin"]
[Result "1-0"]
[WhiteElo "2803"]
[BlackElo "2804"]
[Annotator "Estremera,S/Mellado,J"]
[PlyCount "99"]
[EventDate "2006.06.11"]
[EventType "k.o. (rapid)"]
[EventRounds "2"]
[EventCountry "ESP"]
[SourceTitle "CBM 112 Extra"]
[Source "ChessBase"]
[SourceDate "2006.07.14"]
[SourceVersion "1"]
[SourceVersionDate "2006.07.14"]
[SourceQuality "1"]

1. e4 {. Wedberg} e5 2. Nf3 Nc6 3. Bb5 Nf6 4. O-O Nxe4 5. d4 Nd6 6. Bxc6 dxc6
7. dxe5 Nf5 {La Variante Berlinesa, que tras un sueño de más de medio siglo,
resucito de la mano de Kramnik que la convirtió en su arma principal en el
match que le enfrentó a Kasparov en Londres en 2000.} 8. Qxd8+ Kxd8 9. Nc3 Ke8
({el principal experto de esta variante se enfrentó a ella con blancas en
Turín:} 9... Ne7 10. h3 Ng6 11. Ne4 Be7 12. b3 h5 13. Re1 Bf5 14. Nd4 Bd7 15.
Ng5 Bxg5 16. Bxg5+ Ke8 17. e6 fxe6 18. Nxe6 $16 {Kramnik,V-Aleksandrov,A Turin
(ol) 2006}) 10. h3 Ne7 11. Re1 Ng6 ({Esta variante está en el repertorio de
Topalov con ambos colores:} 11... Nd5 12. Ne4 Nb4 13. Re2 Bf5 14. Nd4 Bxe4 15.
Rxe4 c5 16. a3 cxd4 17. axb4 Bxb4 18. Rxd4 Be7 19. Be3 a6 20. Rad1 h5 21. c3
Rd8 22. Rxd8+ Bxd8 23. f4 f5 24. exf6 Bxf6 25. Kf2 g6 26. Kf3 Ke7 27. Bd4 Bxd4
28. Rxd4 a5 29. Rd5 b6 30. Ke4 a4 31. Re5+ Kf6 32. f5 gxf5+ 33. Rxf5+ Kg6 34.
Rd5 Rf8 35. Ke3 {1/2-1/2 Topalov,V-Kramnik,V/Wijk aan Zee 1999}) 12. Bd2 Be7
$146 13. Rad1 Nf8 14. Nd4 Bc5 15. Nb3 Bb6 16. Be3 h5 {Una medida típica para
frenar la expansión de la mayoría de peones blanca, o, cuando menos para
lograr si se produce las máximas simplificaciones posibles.} 17. Rd2 Ne6 18.
Ne4 Bxe3 19. Rxe3 {Las blancas han coseguido el cambio de la pareja de alfiles,
algo que en principio les beneficia.} b6 20. Nd4 {Anand: 15:40 Topalov: 10:55}
Nxd4 21. Rxd4 {Las blancas simplifican en busca de un final con un peón más en
el flanco de rey} c5 22. Rd2 Bf5 23. Ng5 (23. Ng3 Be6 24. f4 h4 25. f5 Bc8 $1 {
y las negras están mejor} ({pero no} 25... hxg3 26. fxe6 fxe6 27. Rxg3 $17))
23... Ke7 24. Rf3 Be6 25. Nxe6 Kxe6 26. Rfd3 Kxe5 27. Re3+ ({otra posibilidad
tal vez menos precisa es} 27. Re2+ Kf6 28. Rf3+ Kg6 29. Re7 Rhe8 30. Rfxf7 Rxe7
31. Rxe7 Rd8) 27... Kf6 28. Rd7 Rhf8 29. Rxc7 g5 30. Kf1 h4 {[#]} 31. a4 $1 ({
la más directa} 31. Ra3 Rfd8 32. Rf3+ Kg6 33. Rfxf7 Rd2 {permite mucho
contrajuego a las negras}) 31... Kg6 32. Ree7 {Anand 10:00 Topalov 2:50} Rad8
33. Ke2 $1 {[#] limitando el contrajuego negro} a5 {una jugada que parece
desesperada, pero las negras tienen problemas en todos los casos} (33... Rfe8
34. Rxa7 f5) 34. Rc6+ f6 35. Rxb6 Rd4 36. b3 c4 (36... Rfd8 37. Ree6 Rd2+ 38.
Ke3 Rxc2 39. Rxf6+) 37. Ree6 cxb3 38. cxb3 Kf5 39. Re3 Rc8 40. Rf3+ Ke4 (40...
Ke5 41. Rb5+ Ke6 (41... Ke4 $2 42. Re3+ Kf4 43. g3+) 42. Re3+ Kd6 43. Rxa5 Rc2+
44. Kf1 Rd1+ 45. Re1 Rdd2 46. Rf5 {y las blancas deben ganar}) 41. Re6+ Kd5 42.
Rfxf6 Rc2+ 43. Kf1 (43. Kf3 Rf4+ 44. Rxf4 Kxe6 45. Rc4 Rb2) 43... Rd1+ 44. Re1
Rdd2 45. Kg1 Rb2 46. Rf5+ Kd4 47. Rxg5 Rxf2 48. Rg4+ Kd3 49. Re5 Rfc2 50. Rxa5
{Y Topalov abandona, una gran demostración técnica de Anand} 1-0

[Event "Leon 19th"]
[Site "Leon"]
[Date "2006.06.11"]
[Round "2.4"]
[White "Anand, Viswanathan"]
[Black "Topalov, Veselin"]
[Result "1/2-1/2"]
[WhiteElo "2803"]
[BlackElo "2804"]
[Annotator "Estremera,S/Mellado,J"]
[PlyCount "122"]
[EventDate "2006.06.11"]
[EventType "k.o. (rapid)"]
[EventRounds "2"]
[EventCountry "ESP"]
[SourceTitle "CBM 112 Extra"]
[Source "ChessBase"]
[SourceDate "2006.07.14"]
[SourceVersion "1"]
[SourceVersionDate "2006.07.14"]
[SourceQuality "1"]

1. e4 c5 2. Nf3 d6 3. d4 cxd4 4. Nxd4 Nf6 5. Nc3 a6 6. Be2 {Anand elige una
variante sólida en vista de la situación del marcador} ({es la variante más
utilizada por el GM indio} 6. Be3) 6... Nbd7 {una línea poco habitual} (6... e5
{jugó Anand en la primera partida de su match con Bruzón en este torneo}) 7.
O-O g6 8. Be3 b6 {novedad} (8... Bg7 {se ha jugado en varias partidas}) 9. Nd5
Bb7 10. c4 e5 $6 {una posición inédita en la que aparecen a la vez jugadas que
pertenecen aparentemente a diferentes esquemas} ({no es recomendable} 10...
Nxe4 11. Bf3) ({la continuación más sana es} 10... Bg7) 11. Nc2 Bxd5 12. exd5
Bg7 13. Nb4 O-O 14. Nc6 Qc7 15. b4 {[#] Anand ha jugado con increible rapidez
el raro esquema elegido por el negro y además parece haber conseguido una
posición ventajosa.} h5 16. a4 a5 17. bxa5 bxa5 18. Rb1 Ne4 19. Qc2 f5 20. Rb5
{Fritz da gran ventaja a las blancas, sin duda el campeón mundial ha
arriesgado quizás en demasía acuciado por la necesidad de ganar.} Kh7 21. Rfb1
Nec5 22. Bd2 e4 23. Bxa5 Qc8 24. Bb4 {Anand 18:20 Topalov: 13:40} Qe8 25. a5 f4
26. Re1 Qf7 27. Bxc5 Nxc5 {[#]} 28. Rxc5 {Anand sacrifica la calidad por el
peón de e4 y consigue una posición con gran ventaja y sin apenas riesgo.} dxc5
29. Qxe4 Rfe8 30. Qf3 Qf6 31. Rd1 Qd6 32. Rb1 Qc7 33. Bd3 Kh6 34. h4 {las
blancas amenazan Rb6 con ataque de mate} Bf8 {[#]} 35. g4 $1 {la forma más
rápida de precipitar los acontecimientos} fxg3 ({pierde} 35... hxg4 36. Qxg4
Qg7 37. Qg5+ Kh7 38. h5) 36. Qf6 gxf2+ 37. Kg2 (37. Kf1 Qg7 38. Qg5+ Kh7 39.
Qxh5+ Kg8) 37... Qg7 38. Qg5+ Kh7 39. Qxh5+ Kg8 40. Qxg6 Qxg6+ 41. Bxg6 Re1 42.
Kxf2 Rxb1 43. Bxb1 {La posición es muy favorable a las blancas que tienen tres
peones por la calidad, pero la realización técnica de esta ventaja no es nada
fácil. Anand puede jugar con las tablas y el torneo en la mano....} Bd6 44. Ke3
Kg7 45. h5 Bc7 46. Be4 Kh6 47. Bg6 Kg5 48. Ke4 Ra6 {Anand: 10:50 Topalov 4:04}
49. Be8 Ra8 50. Bg6 Bd6 51. Ke3 Bf4+ 52. Kf3 Bh2 53. Ke3 Bd6 54. Ke4 Bc7 55.
Ke3 Kf6 56. Ke4 Bg3 57. Kf3 Bd6 58. Ke3 Ra6 59. Ke4 Bc7 60. Be8 Ra8 61. Bg6 Kg5
{Y se acuerdan tablas} (61... Kg5 {[#] en este momento Fritz indica que las
blancas ganan con} 62. Ne5 $1 Ra6 (62... Bxa5 63. d6 Kf6 64. Kd5) (62... Rxa5
63. d6 Bxd6 64. Nf7+) 63. Be8 Kf6 64. Nd7+ Ke7 65. Nxc5 Rxa5 66. Ne6 Kxe8 67.
Nxc7+ Kd7 68. Ne6 Ra1 69. c5 {ganando}) 1/2-1/2

[Event "Villarrobledo op 21st"]
[Site "Villarrobledo"]
[Date "2006.08.05"]
[Round "1"]
[White "Anand, Viswanathan"]
[Black "Guerra Roig, Joan"]
[Result "1-0"]
[WhiteElo "2779"]
[BlackElo "2069"]
[PlyCount "42"]
[EventDate "2006.08.05"]
[EventType "swiss (rapid)"]
[EventRounds "9"]
[EventCountry "ESP"]
[SourceTitle "CBM 113 Extra"]
[Source "ChessBase"]
[SourceDate "2006.09.14"]
[SourceVersion "1"]
[SourceVersionDate "2006.09.14"]
[SourceQuality "1"]

1. c4 c5 2. g3 Nc6 3. Bg2 g6 4. Nf3 Bg7 5. O-O Nf6 6. d4 cxd4 7. Nxd4 O-O 8.
Nc3 Qb6 9. Nb3 d6 10. Be3 Qd8 11. c5 Ng4 12. Bf4 e5 13. Bc1 dxc5 14. Nxc5 Qe7
15. N5e4 Rd8 16. Nd5 Qe6 17. Ng5 Qe8 18. Qa4 Rb8 19. h3 Nf6 20. Nxf6+ Bxf6 21.
Ne4 Nb4 1-0

[Event "Villarrobledo op 21st"]
[Site "Villarrobledo"]
[Date "2006.08.05"]
[Round "2"]
[White "Solaesa Navalpotro, Luis Julio"]
[Black "Anand, Viswanathan"]
[Result "0-1"]
[WhiteElo "2334"]
[BlackElo "2779"]
[PlyCount "132"]
[EventDate "2006.08.05"]
[EventType "swiss (rapid)"]
[EventRounds "9"]
[EventCountry "ESP"]
[SourceTitle "CBM 113 Extra"]
[Source "ChessBase"]
[SourceDate "2006.09.14"]
[SourceVersion "1"]
[SourceVersionDate "2006.09.14"]
[SourceQuality "1"]

1. d4 d5 2. c4 c6 3. Nf3 e6 4. cxd5 exd5 5. Qc2 Be7 6. Nc3 g6 7. Bf4 Bf5 8. Qd2
Nf6 9. e3 Nbd7 10. Bd3 Bxd3 11. Qxd3 O-O 12. Ne5 Re8 13. h3 Nh5 14. Bh2 Nxe5
15. Bxe5 Bd6 16. Bxd6 Qxd6 17. O-O-O a5 18. Kb1 a4 19. Rc1 Re7 20. Qc2 a3 21.
b3 f5 22. g4 Ng7 23. Ne2 Rf8 24. Nf4 Ne6 25. Nd3 f4 26. Ne5 c5 27. Qd2 fxe3 28.
fxe3 cxd4 29. exd4 Nxd4 30. Qxd4 Qxe5 31. Rhd1 Qe4+ 32. Ka1 Qxd4+ 33. Rxd4 Rd7
34. Rcd1 Rf2 35. Kb1 Rb2+ 36. Ka1 Rh2 37. Kb1 Rxh3 38. Rxd5 Rxd5 39. Rxd5 Rh1+
40. Kc2 Rh2+ 41. Kc3 Rxa2 42. Rd8+ Kg7 43. Rd7+ Kh6 44. Rxb7 Rg2 45. Ra7 Rxg4
46. Rxa3 Kg5 47. Ra5+ Kf6 48. b4 h5 49. b5 Rg1 50. Ra4 Ke6 51. Rb4 Kd7 52. b6
Kc8 53. b7+ Kb8 54. Kd3 g5 55. Ke3 h4 56. Kf2 Rc1 57. Kg2 Rc7 58. Rg4 Rg7 59.
Kf3 Kxb7 60. Rc4 Rc7 61. Rb4+ Ka6 62. Kg4 Rc5 63. Rb3 Rb5 64. Re3 Ka5 65. Rc3
Kb4 66. Rc1 Rc5 0-1

[Event "Chennai sim"]
[Site "Chennai"]
[Date "2006.10.08"]
[Round "?"]
[White "Anand, Viswanathan"]
[Black "Victor, KAD."]
[Result "1/2-1/2"]
[WhiteElo "2779"]
[BlackElo "1968"]
[PlyCount "46"]
[EventDate "2006.10.07"]
[EventType "simul"]
[EventRounds "1"]
[EventCountry "IND"]
[SourceTitle "EXT 2010"]
[Source "ChessBase"]
[SourceDate "2010.11.25"]
[SourceVersion "1"]
[SourceVersionDate "2010.11.25"]
[SourceQuality "1"]

1. d4 d5 2. Nf3 Nf6 3. c4 e6 4. Nc3 Be7 5. Bf4 c6 6. e3 Nbd7 7. Bd3 dxc4 8.
Bxc4 Nb6 9. Bb3 Nbd5 10. O-O Nxf4 11. exf4 O-O 12. Qe2 c5 13. Rad1 cxd4 14.
Nxd4 Qc7 15. f5 e5 16. Ndb5 Qb8 17. Nd5 Nxd5 18. Rxd5 a6 19. Nc3 Bxf5 20. Rxe5
Bd3 21. Qe3 Bd6 22. Rh5 Bxf1 23. Kxf1 Qe8 1/2-1/2

[Event "Morelia/Linares 24th"]
[Site "Morelia/Linares"]
[Date "2007.02.24"]
[Round "6"]
[White "Anand, Viswanathan"]
[Black "Ivanchuk, Vassily"]
[Result "1/2-1/2"]
[WhiteElo "2779"]
[BlackElo "2750"]
[Annotator "Marin,M"]
[PlyCount "63"]
[EventDate "2007.02.17"]
[EventType "tourn"]
[EventRounds "14"]
[EventCountry "ESP"]
[EventCategory "20"]
[SourceTitle "CBM 117"]
[Source "ChessBase"]
[SourceDate "2007.03.30"]
[SourceVersion "1"]
[SourceVersionDate "2007.03.30"]
[SourceQuality "1"]

1. e4 c5 2. Nf3 d6 3. d4 cxd4 4. Nxd4 Nf6 5. Nc3 a6 6. Be3 e5 7. Nb3 Be6 8. Qd2
Nbd7 9. O-O-O Be7 10. h3 $5 {A new move. White intends to take advantage of
Black's delaying ...b5 by carrying out the standard g4 by other means than an
early f3. The f-pawn is reserved a different fate.} b5 11. g4 O-O ({
Eliminating the central pawn with} 11... b4 12. Nd5 Nxe4 {is not without
strategical risk. After} 13. Qxb4 Bxd5 14. Rxd5 Nef6 15. Ra5 {the weakness of
the light squares leaves Black with problems consolidating.}) 12. Kb1 Qc7 13.
Bg2 Nb6 14. Bxb6 Qxb6 15. f4 Bc4 16. g5 Nh5 17. fxe5 dxe5 18. Nd5 Bxd5 19. exd5
Bd6 {This is the position both sides have been aiming for. White has more
space, but the impetuous advance of his kingside pawns have left numerous
weaknesses behind.} 20. Na5 ({This looks more like a defensive move 
(preventing the advance of the a-pawn) rather than an attempt to activate
White's play. Indeed, the knight's efficiency on c6 would be questionable. The
optimal regroupment for White would involve the transfer of the knight to e4,
in order to safely block the e5-pawn and put the d6-square and the enemy
kingside under pressure. However, this manoeuvre is not easy to achieve,
because the best placement of the queen is precisely the d2-square. For
instance, after} 20. Qe1 {Black can radicaly prevent White's plan with} e4 $5 {
when} 21. Bxe4 Ng3 {reveals the main drawback of Anand's novelty, the weakness
of the g3-square.} 22. Rg1 Rfe8 {Black's activity has reached alarming heigths
and White will soon lose the exchange.} 23. Nd2 Qd4 24. c3 Qe5 25. Bc2 Qf4 {
. The white queen is trapped, which forces} 26. Qxg3 {, leading to a small
material advantage for Black.}) 20... f5 21. gxf6 Rxf6 22. Rhf1 Re8 23. Rxf6
Nxf6 24. Nb3 {Now that the danger of ...a5 has dissapeared, the knight hurries
to join the rest of his army, freeing the queen from her defensive task.} e4
25. Nd4 Re5 26. c3 Qc5 27. Qe2 Nxd5 28. Bxe4 Nf6 29. Nb3 Qc7 30. Nd2 Qe7 31.
Qd3 Bc5 32. Bg2 {In spite of opposite castles, both kings are in relative
safety, while in case of simplifications the presence of opposite coloured
bishops would make a draw highly probable. Therefore, the oponents decided to
shorten the process.} 1/2-1/2

[Event "Morelia/Linares 24th"]
[Site "Morelia/Linares"]
[Date "2007.03.02"]
[Round "8"]
[White "Anand, Viswanathan"]
[Black "Topalov, Veselin"]
[Result "1/2-1/2"]
[WhiteElo "2779"]
[BlackElo "2783"]
[Annotator "Marin,M"]
[PlyCount "49"]
[EventDate "2007.02.17"]
[EventType "tourn"]
[EventRounds "14"]
[EventCountry "ESP"]
[EventCategory "20"]
[SourceTitle "CBM 117"]
[Source "ChessBase"]
[SourceDate "2007.03.30"]
[SourceVersion "1"]
[SourceVersionDate "2007.03.30"]
[SourceQuality "1"]

1. e4 c5 2. Nf3 d6 3. d4 cxd4 4. Nxd4 Nf6 5. Nc3 a6 6. Be3 e5 7. Nf3 Be7 8. Bc4
O-O 9. O-O Nc6 ({Topalov deviates from} 9... Be6 {, which led him to defeat in
the second-round game against Ivanchuk.}) 10. Re1 {Curiously, both players had
previous experience with this position, but with... reversed colours!} b5 ({
This and the next move are aimed to prevent an early installation of the enemy
knight on d5.} 10... Na5 {places the knight on an unfavourable square, which
could be felt after} 11. Bf1 Be6 12. Nd5 {(Preventing the activation of the
knight with ...Nc4. The e4-pawn is taboo because of the threat Bb6.)} Bxd5 13.
exd5 b5 14. b3 $1 {and White had the better chances in Topalov-Gelfand,
Linares 1994.}) (10... h6 11. a3 Be6 {is also met by} 12. Nd5 {for instance} b5
13. Ba2 Rc8 14. Nd2 Bxd5 15. exd5 Nb8 16. c4 {and White has the initiative,
while Black still needs some time to reach an active square with his queen's
knight, Short-Anand, Monaco rapid 1993.}) 11. Bf1 ({A safe square for the
bishop. The most recent game in this line went} 11. Bb3 Rb8 12. Bg5 Nd7 13.
Bxe7 Qxe7 14. Nd5 Qd8 15. c3 Nc5 16. Bc2 a5 {. Black takes full advantage of
the lack of pressure along the f1-b5 diagonal in order to carry out his
standard minority's attack. White tried} 17. b4 {but after} axb4 18. cxb4 Ne6 {
the weakness of the d4-square offered Black good play in Jakovenko-Khairullin,
Moscow 2006.}) 11... Rb8 {The b6-square is well defended now, which enables ...
Nxe4 in case of an early jump of the White knight to d5.} 12. Bg5 Ng4 ({
Black prevents the undesirable exchange Bxf6, which would leave the d5-square
without its natural defender. Another logical possibility was} 12... b4 {and if
} 13. Bxf6 {then} bxc3 14. Bxe7 Nxe7) 13. Bd2 ({A novelty. White avoids the
exchange of the relatively passive e7-bishop. Black had no problems after} 13.
Bxe7 Nxe7 14. a3 Bb7 15. Qd2 Qc7 16. Rad1 Rfd8 17. h3 Nf6 {in Short-Ehlvest,
Horgen 1995.}) 13... Be6 14. Nd5 {Finally, White has installed his knight in
the centre, but Black is well coordinated and is not forced to capture on d5
at once.} h6 15. h3 Nf6 16. c4 Qd7 17. b3 Bd8 $1 {A multi-purpose move. Black
clears the e7-square for his knight and prepares the activation of his bishop
along the g1-a7 diagonal.} 18. Rc1 Bxd5 19. cxd5 Ne7 20. Bd3 Bb6 {Black has
successfully solved all his opening problems. We can conclude that after his
painful defeat against Ivanchuk, Topalov did his homework quite well.} 21. Nh4
g5 22. Nf3 Rfc8 23. Rxc8+ Rxc8 24. Nh2 Ng6 25. Ng4 1/2-1/2